Nome degli animali in giapponese - Statistics

Statistiche generali
  • Questo quiz è stato fatto 19 volte
  • Il punteggio medio è 14 su 32
Statistiche sulle risposte
Hint Risposta % Corretto
Gatto Neko
95%
Cane Inu
89%
Carpa Koi
74%
Orso Kuma
74%
Volpe Kitsune
68%
Uccello Tori
68%
Pesce Sakana
58%
Scimmia Saru
58%
Tigre Tora
58%
Cavallo Uma
58%
Serpente Hebi
53%
Cane procione Tanuki
53%
Maiale Buta
47%
Coniglio Usagi
42%
Pecora Hitsuji
37%
Tartaruga Kame
37%
Corvo Karasu
37%
Topo Nezumi
37%
Giraffa Kirin
32%
Balena Kujira
32%
Toro o Mucca Ushi
32%
Delfino Iruka
26%
Rana Kaeru
26%
Pesce gatto Namazu
26%
Pollo Niwatori
26%
Lupo Ookami
26%
Riccio Harinezumi
21%
Anatra Kamo
21%
Pipistrello Koumori
21%
Pavone Kujaku
21%
Scoiattolo Risu
21%
Coccodrillo Wani
21%
Nessun quiz corrispondente trovato
Distribuzione punteggi
Percentuale di utenti per punteggio
Percentile per numero di risposta
I tuoi punteggi nel tempo
Non hai fatto questo quiz